Kraje najbliżej Chin - Statystyki

Ogólne statystyki
  • Ten quiz został rozwiązany 1 228 razy
  • Średni wynik to 16 z 20
Statystyki odpowiedzi
km kraj % Poprawnych
0 Rosja
98%
331 Japonia
93%
0 Korea Północna
93%
0 Indie
92%
0 Mongolia
92%
263 Korea Poludniowa
91%
0 Kazachstan
88%
0 Wietnam
81%
0 Nepal
80%
0 Pakistan
79%
0 Tadzykistan
79%
0 Kirgistan
75%
0 Laos
75%
108 Uzbekistan
75%
0 Afganistan
74%
115 Tajlandia
74%
0 Bhutan
70%
4 Tajwan
67%
0 Mjanma
64%
94 Bangladesz
61%
Nie znaleziono quizów pasujących do podanych kryteriów
Rozkład punktacji
Procent ludzi z każdym wynikiem
Percentyl według liczby udzielonych odpowiedzi
Twoja historia wyników
Nie rozwiązałeś tego quizu